000 01240nam0a22002771 4500
001 rc\4993935
005 20260407083646.0
021 _aRU
_b[61-31243]
035 _a(NLR Aleph) 008989149
090 _a9235205
_c9235205
100 _a20130430d1961 |||y0rusy50 ca
101 0 _arus
102 _aRU
105 _aa c |||||
200 1 _aСпециальные платформы-сцепы "ЛТА - Ленлес"
_eМетод. указания
_fСост. Я.Т.[!] Меншуткин
_gМ-во высш. и сред. спец. образования РСФСР. Ленингр. ордена Ленина лесотехн. акад. им. С.М. Кирова
210 _aЛенинград
_cБ. и.
_d1961
215 _a15 с.
_cил.
_d26
606 _aЛесовывозка хлыстами
_2psbo
606 _aЖелезнодорожные платформы, узкоколейные
_2psbo
702 1 _aМеншуткин
_bЯ.Г.
_gЯков Григорьевич
_4220
712 0 2 _aЛесотехническая академия им. С. М. Кирова
_cЛенинград
_3RU\NLR\AUTH\8810851
_9294319
801 0 _aRU
_bNLR
_gpsbo
801 1 _aRU
_bELAR
_2rusmarc
852 _aNLR
_j61-7/861
942 _cBOOK
980 _aNB